000 00374nam a2200121Ia 4500
008 220615s9999||||xx |||||||||||||| ||und||
245 0 _aCellulose
_bBiomass Conversion
546 _aEnglish[eng]
650 _aOrganic chemistry
700 _avan de Ven, Theo||Kadla, John
856 _uhttps://mts.intechopen.com/storage/books/3174/authors_book/authors_book.pdf
942 _cEB
999 _c17485
_d17485